000 00440nam a2200145 i 4500
001 67714
003 ES-MaACL
007 t|
008 040203s1917 fr ||||1| fre d
100 1 _aGalopin, Arnould.
_953665
245 1 0 _aSur la ligue de feu
_b: (cornet de campagne d'un correspondant de guerre) /
_cArnould Galopin.
260 _aParis :
_bE. de Boccard,
_c1917.
300 _a209 p., 18 lám. ;
_c19 cm.
852 _aES-MaACL
_jG-4361
999 _c67714
_d67714